| 000 | 00561nam a22001817a 4500 | ||
|---|---|---|---|
| 005 | 20240508145412.0 | ||
| 010 | _aENG-140151 | ||
| 020 |
_c230.00 _a9789354910173 |
||
| 035 | _aEN-123683 | ||
| 037 | _bDBAD | ||
| 082 | _a920 | ||
| 100 |
_aDeshmukh, Chintamani _965944 |
||
| 245 |
_aHomi Jehangir Bhabha/ _cBy Chintamani Deshmukh |
||
| 260 |
_aNew Delhi _bIdeal Publishing Solutions _c2022 |
||
| 270 |
_a5 Institutional Area, Phase-II Vasant Kunj, New Delhi _bDelhi _e110070 |
||
| 300 |
_a190p. _c19cm(pb) |
||
| 942 |
_2ddc _cEN _mDES _h920 |
||
| 999 |
_c202150 _d202150 |
||